Les sociétaires de la Comédie française en 2024 - Statistiques

Statistiques générales
  • Ce quiz a été pris 4 fois
  • Le résultat moyen est 16 sur 36
Statistiques - réponses
Indice 1 Indice 2 Indice 3 Nommé en Nom Prénom % Correct
L'Abbé Pierre une vie de combats Le mariage forcé Meilleur comédien du syndicat de la critique 2018 2019 Lavernhe Benjamin
75%
Prix Jean Marais 1991 Les Démons Goliath 2009 Gonon Christian
75%
Né en Belgique La Mouche Le mariage forcé 2013 Hecq Christian
75%
Le Roi Lear Cellule 107 Bernadette 2000 Podalydès Denis
75%
La mort de Danton Une affaire d'honneur Les garçons et Guillaume à table 2005 Gallienne Guillaume
75%
Macbeth Guermantes La prochain fois je vous le chanterai 2009 Sicard Julie
75%
Le Misanthrope Hamlet Les Survivants 2010 Corbery Loïc
75%
5 hectares Le Silence César de la meilleure actrice 2007 2024 Hands Marina
75%
Médée Sol Dans la solitude des champs de coton 2011 Badgassarian Serge
75%
Le trésor du Petit Nicolas La Cerisaie Prix d'interprétation à Tokyo en 2017 2016 D'Hermy Adeline
50%
De Gaulle L'Illusion comique Macbeth 2000 Lenglet Alain
50%
Les Démons Frères et Soeurs Les chiens de conserve 2002 Pavloff Alexandre
50%
Méduse Le Tartuffe Sous contrôle 2020 Montenez Christophe
50%
Le bourgeois gentilhomme Rêve d'automne Un mois à la campagne 2018 Hervieu-Léger Clément
50%
L'origine du mal La Douleur Les Démons 2021 Blanc Dominique
50%
Les fausses confidences L'opéra de quat'sous Guermantes 2007 Lepoivre Elsa
50%
Jefferson à Paris Le roi Lear L'Enlèvement au Sérail 1998 Genovèse Eric
50%
Et si c'était eux ? La Mouette Le Consentement 2019 Pouderoux Sébastien
50%
Les Démons Guermantes Les Précieuses ridicules 2015 Varupenne Stéphane
50%
Macbeth Jean de la Chance Rien ni personne 2016 Brahim Suliane
50%
Liliom La mort de Danton Je ne suis pas un héros 2023 Cervinka Anna
25%
Né au Burkina Faso Les fourberies de Scapin Amanda 2013 Sangaré Bakary
25%
Jules César Hommes, femmes : mode d'emploi Fantasio 2004 De Bayser Clotilde
25%
Les passagers de la nuit Médée Meilleur comédien du syndicat de la critique 1987 2020 Sandre Didier
25%
Le Misanthrope Une jeune fille qui va bien Nomination aux Molières en 2017 & 2019 2000 Viala Florence
25%
La fille du capitaine Les Démons Sardine 2023 Decker Jennifer
25%
Les Démons Peer Gynt Couleurs de l'incendie 2017 Lopez Jérémy
25%
Le théorème de Marguerite Macbeth Sambre (tv) 2024 Frison Julien
25%
Bernadette Citoyens clandestins Cyrano de Bergerac 2004 Stocker Laurent
25%
Cyrano de Bergerac Presque adultes Hernani 2014 Lormeau Nicolas
25%
La vie de Galilée Mauvaise fille Le babil des classes dangereuses 2013 Louis-Calixte Pierre
25%
Cyrano de Bergerac Fille de G. Descrières Le testament de Vanda 1998 Bergé Sylvia
25%
Né en Belgique Capitaine Haddock Doyen 1993 Hancisse Thierry
25%
Grand-peur et misère du IIIe Reich Le malade imaginaire Tu choisiras la vie 2000 Zahonero Coraly
0%
Les Herbes folles L'Avare Prix Beaumarchais 2013 2002 Gillard Françoise
0%
Les fourberies de Scapin Derniers remords avant l'oubli Crime d'Etat 2014 David Gilles
0%
Aucun quiz correspondant
Distribution des résultats
% des personnes avec chaque résultat
Percentile par nombre de réponses
Votre historique - résultats
Vous n’avez pas pris ce quiz